Forbes : (Registro nro. 30274)

Detalles MARC
000 -LEADER
fixed length control field 01050nam a2200241Ia 4500
003 - CONTROL NUMBER IDENTIFIER
control field CO-CtgCURN
005 - DATE AND TIME OF LATEST TRANSACTION
control field 20250506133123.0
008 - FIXED-LENGTH DATA ELEMENTS--GENERAL INFORMATION
fixed length control field 190725s9999 xx 000 0 und d
020 ## - INTERNATIONAL STANDARD BOOK NUMBER
International Standard Book Number 9788492956401
040 ## - CATALOGING SOURCE
Original cataloging agency CO-CtgCURN
Language of cataloging spa
Transcribing agency coctgcurn
082 ## - DEWEY DECIMAL CLASSIFICATION NUMBER
Classification number 658.409
Item number F236g
100 ## - MAIN ENTRY--PERSONAL NAME
Personal name Farnham, Alan
245 #0 - TITLE STATEMENT
Title Forbes :
Remainder of title ganadores por naturaleza: como superar obstaculos hasta alcanzar la cima /
Statement of responsibility, etc. Alan Farnham
260 ## - PUBLICATION, DISTRIBUTION, ETC.
Place of publication, distribution, etc. Barcelona, España :
Name of publisher, distributor, etc. Profit Editorial,
Date of publication, distribution, etc. 2011
300 ## - PHYSICAL DESCRIPTION
Extent 105 páginas ;
Dimensions 20 centímetros
490 ## - SERIES STATEMENT
Series statement Colección Grandes Lecciones de Negocios
500 ## - GENERAL NOTE
General note Los casos han sido extraidos de los siguientes titulos originales: Forbes Best business mistakes. Forbes Greatest investing stories. Forbes Great success stories. Forbes Greatest business stories of all time.
521 ## - TARGET AUDIENCE NOTE
Target audience note AREA BASICA
590 ## - LOCAL NOTE (RLIN)
Local note Todos los programas acádemicos
650 ## - SUBJECT ADDED ENTRY--TOPICAL TERM
Topical term or geographic name entry element Éxito en los negocios
942 ## - ADDED ENTRY ELEMENTS (KOHA)
Koha item type Libros
Classification part 658.409
Item part F236g
Source of classification or shelving scheme Dewey Decimal Classification
Suppress in OPAC No
Existencias
Withdrawn status Lost status Source of classification or shelving scheme Damaged status Not for loan Collection Home library Current library Shelving location Date acquired Inventory number Total checkouts Full call number Barcode Date last seen Copy number Price effective from Koha item type
    Dewey Decimal Classification     General Miguel Henríquez Castañeda Barranquilla Miguel Henríquez Castañeda Barranquilla General 05/23/2018 03270   658.409 F236g 03270 07/25/2019 ej.1 07/25/2019 Libros